| 000 | 03303cam a2200793 4500 | ||
|---|---|---|---|
| 008 | 030113n2003 000 0 eng u | ||
| 020 |
_a1842191268 _a9781842191262 |
||
| 035 | _a(Sirsi) u120994 | ||
| 041 | _aeng | ||
| 050 |
_a347.4107 _c18 |
||
| 110 |
_aRoyal Institution of Chartered Surveyors _94900 |
||
| 245 |
_aIsurv _bdisputes _h[multimedia] |
||
| 260 |
_bRICS _c2003- |
||
| 490 | _aRICS Isurv.co.uk Series | ||
| 505 | _aAgricultural and rural | ||
| 505 | _aRent review | ||
| 505 | _aLease renewal | ||
| 505 | _aDilapidations | ||
| 505 | _aRating | ||
| 505 | _aConstruction: overview | ||
| 505 | _aConstruction: procurement | ||
| 505 | _aConstruction: contracts | ||
| 505 | _aConstruction: delay, prolongation and disruption | ||
| 505 | _aConstruction: defects | ||
| 505 | _aConstruction: dispute resolution | ||
| 505 | _aParty walls | ||
| 505 | _aRights of light | ||
| 505 | _aBoundary matters | ||
| 505 | _aPlanning | ||
| 505 | _aMethods of dispute resolution | ||
| 520 | _aOne of a series of online publications from RICS Books providing practical information and guidance on the management of disputes. Aims to assist chartered surveyors to: help clients avoid disputes and conflicts; advise clients on methods of dispute resolution; represent parties in negotiations of disputes; undertake expert witness or advocacy work and; act as arbitrators, adjudicators or mediators. A summary is provided for each topic before the legislative framework, key cases and legal issues, standards and regulatory framework, practical matters, forms and precedents and key issues are discussed in greater detail. Includes the text of relevant publications and links to other online resources. | ||
| 520 | _aSubscribers to the "Isurv: disputes" can access it at www.rbprofessional using the username and password issued to you. Other RICS members may use it via the public access terminals in the RICS Library - please ask Library Staff for details. | ||
| 650 | _aRENT REVIEWS | ||
| 650 | _aLEASE RENEWALS | ||
| 650 |
_aDilapidations _96235 |
||
| 650 | _aRATING | ||
| 650 |
_aParty walls _96258 |
||
| 650 |
_aRights of light _96267 |
||
| 650 |
_aBoundary disputes _96221 |
||
| 650 | _aALTERNATIVE DISPUTE RESOLUTION | ||
| 650 | _aMANAGEMENT-DISPUTE AVOIDANCE, MANAGEMENT AND RESOLUTION-DISPUTE MANAGEMENT AND RESOLUTION-ARBITRATION | ||
| 650 | _aMEDIATION | ||
| 650 | _aCONSTRUCTION DISPUTES | ||
| 650 | _aAGRICULTURAL DISPUTES | ||
| 650 | _aEXPERT WITNESSES | ||
| 690 |
_aDispute resolution _96236 |
||
| 700 | _aBradford, Katie | ||
| 700 | _aCollins, Tony | ||
| 700 | _aCurnow, Tony | ||
| 700 | _aDale, Geoffrey | ||
| 700 | _aFrancis, Andrew | ||
| 700 | _aHarris, Lance | ||
| 700 | _aHelps, Dominic | ||
| 700 | _aHunter, Jason | ||
| 700 | _aMartin, Alastair | ||
| 700 | _aMills, Richard | ||
| 700 | _aPhilips, Antony | ||
| 700 | _aPowell, David | ||
| 700 | _aRichardson, David | ||
| 700 | _aSalata, Anthony | ||
| 700 | _aScott, Stephen | ||
| 700 | _aTatlow, Mark | ||
| 700 | _aTutcher, Stephen | ||
| 700 | _aVassallo, Patricia | ||
| 700 | _aWilliams, Peter | ||
| 700 | _aWigley, Jenny | ||
| 856 |
_uhttps://www.rbprofessional.com _zAccess "Isurv: disputes" using your username and password... |
||
| 942 | _n0 | ||
| 999 |
_c102599 _d102599 |
||